[Event "IECG QN.2002.0.00231"]
[Site "IECG email"]
[Date "2002.07.21"]
[Round "?"]
[White "Castellano, Antonio Jr"]
[Black "Crane, Lasica"]
[Result "1-0"]
[WhiteElo "800"]
[BlackElo "800"]
[PlyCount "37"]
[EventDate "2002.07.21"]
[EventType "tourn (corr)"]
[EventRounds "6"]
[SourceTitle "Corr 2008"]
[Source "ChessBase"]
[SourceDate "2008.06.24"]
[SourceVersion "1"]
[SourceVersionDate "2008.06.24"]
[SourceQuality "1"]

1. e4 e5 2. Nf3 d6 3. Bc4 Nf6 4. Nc3 Be7 5. d3 c6 6. 0-0 a6 7. b4 d5 8. Bb3 Bxb4 9. Ne2 Bd6 10. c3 Nbd7 11. Ng3 0-0 12. Re1 b5 13. Nf5 Bc5 14. Bg5 h6 15. Bxh6 gxh6 16. Nxh6+ Kh8 17. Qd2 Ng4 18. Nxg4 Rg8 19. Qh6# 1-0